Statistiche per Riconosci la Squadra di calcio - Quiz n°356

Clicka qui per fare il quiz!

Statistiche generali

  • Questo quiz è stato fatto 32 volte
  • Il punteggio medio è 9 su 9

Statistiche sulle risposte

IndizioRisposta% Corretto
Colori socialiBlu, granata
100%
Divisione nazionale 2023-2024Prima
100%
ConfederazioneUEFA
97%
Fondazione1899
93%
Titoli nazionali27 Titoli di Spagna
93%
Trofei nazionali31 Coppe del Re
2 Coppe della Liga
14 Supercoppe di Spagna
4 Coppe de Oro Argentina/Eva Duarte
93%
Trofei internazionali5 Coppe dei Campioni/Champions League
4 Coppe delle Coppe
3 Coppe delle Fiere
5 Supercoppe UEFA
3 Coppe del mondo per club
2 Coppe Latine
93%
Capienza Stadio60 713 posti
93%
SquadraBarcellona
90%

Distribuzione punteggi

Percentile per numero di risposta

Percentuale di utenti per punteggio

I tuoi punteggi nel tempo

Non hai fatto questo quiz